000 00596nam a2200229Ia 4500
003 OSt
005 20221005120945.0
006 a|||||r|||| 00| 0
007 ta
008 221004b |||||||| |||| 00| 0 per d
024 _a56018
037 _cTextual
040 _aCRL
_cCRL
_bper
041 _2per
_aper
082 _aV2:1:H5, 164G8
100 _aIsami
_9629881
245 0 _aFutuh-us-salatin or the shahnama of medieval India, ed by A Mahdi Husain.
260 _c1938
650 _aHISTORY
942 _hV2:1:H5, 164G8
_cTEXL
_2cc
999 _c1039667
_d1039667